[Event "Adygea rapid op"]
[Site "Maikop"]
[Date "2019.05.03"]
[Round "9"]
[White "Kadilin, Alexander"]
[Black "Gadaborshev, Timur"]
[Result "1-0"]
[WhiteElo "2005"]
[BlackElo "2026"]
[PlyCount "55"]
[EventDate "2019.05.02"]
[EventType "swiss (rapid)"]
[EventRounds "9"]
[EventCountry "RUS"]
[SourceTitle "CBM 190 Extra"]
[Source "ChessBase"]
[SourceDate "2019.07.15"]
[SourceVersion "1"]
[SourceVersionDate "2019.07.15"]
[SourceQuality "1"]

1. d4 Nf6 2. c4 c5 3. d5 b5 4. cxb5 e6 5. Nc3 exd5 6. Nxd5 Bb7 7. Nxf6+ Qxf6 8. Nf3 d5 9. g3 Qb6 10. Bg2 Qxb5 11. 0-0 Bd6 12. e4 d4 13. e5 Be7 14. b4 Qxb4 15. Bd2 Qa3 16. Rb1 Be4 17. Bc1 Qxa2 18. Rb2 Qd5 19. Re1 Nc6 20. Rxe4 Qxe4 21. Nd2 Qg6 22. Qa4 Rc8 23. Rb7 Bd8 24. Nc4 0-0 25. Nd6 Na5 26. Rxf7 Rxf7 27. Qe8+ Rf8 28. Bd5+ 1-0

[Event "South FR-ch"]
[Site "Maikop"]
[Date "2018.03.31"]
[Round "8"]
[White "Kadilin, Alexander"]
[Black "Najdin, Danil"]
[Result "1-0"]
[WhiteElo "2059"]
[BlackElo "2289"]
[PlyCount "75"]
[EventDate "2018.03.24"]
[EventType "swiss"]
[EventRounds "9"]
[EventCountry "RUS"]
[SourceTitle "EXT 2019"]
[Source "ChessBase"]
[SourceDate "2018.10.10"]
[SourceVersion "1"]
[SourceVersionDate "2018.10.10"]
[SourceQuality "1"]

1. d4 Nf6 2. c4 g6 3. Nc3 Bg7 4. e4 d6 5. f3 0-0 6. Be3 Nc6 7. Qd2 a6 8. Nge2 Rb8 9. Rb1 b5 10. cxb5 axb5 11. b4 Bd7 12. d5 Ne5 13. Nd4 Nc4 14. Bxc4 bxc4 15. 0-0 e5 16. Nc6 Bxc6 17. dxc6 Nh5 18. b5 f5 19. Qd5+ Kh8 20. Qxc4 Qc8 21. a4 f4 22. Bf2 g5 23. h3 Nf6 24. Nd5 h5 25. Kh2 g4 26. Bh4 g3+ 27. Kg1 Nxd5 28. Qxd5 Ra8 29. Ra1 Ra5 30. Be7 Rg8 31. Qf7 Qe8 32. Qxe8 Rxe8 33. Bxd6 cxd6 34. b6 Rc5 35. Rfc1 Bf8 36. Kf1 d5 37. c7 Rc8 38. Rxc5 1-0

[Event "Doroshkevich Memorial op"]
[Site "Maikop"]
[Date "2008.06.01"]
[Round "9"]
[White "Chunihin, Sergey"]
[Black "Kadilin, Alexander"]
[Result "0-1"]
[WhiteElo "2093"]
[BlackElo "2134"]
[PlyCount "66"]
[EventDate "2008.05.24"]
[EventType "swiss"]
[EventRounds "9"]
[EventCountry "RUS"]
[SourceTitle "CBM 124 Extra"]
[Source "ChessBase"]
[SourceDate "2008.07.03"]
[SourceVersion "1"]
[SourceVersionDate "2008.07.03"]
[SourceQuality "1"]

1. f4 g6 2. d4 Bg7 3. Nf3 Nf6 4. e3 0-0 5. Bd3 d6 6. e4 c5 7. dxc5 Qa5+ 8. c3 Qxc5 9. Qe2 a6 10. Be3 Qc7 11. h3 Nbd7 12. Nbd2 b5 13. Nb3 Bb7 14. Bf2 Nh5 15. g3 e5 16. f5 d5 17. Nh4 Ndf6 18. Rg1 dxe4 19. Bc2 Rad8 20. Nc5 Qc6 21. Nxb7 Qxb7 22. Bb3 Kh8 23. Rd1 Rxd1+ 24. Qxd1 Qc7 25. Qc1 Rd8 26. Be3 Nd5 27. Bd2 Qc5 28. Ke2 Bf8 29. Bc2 e3 30. Be1 Qc4+ 31. Kf3 g5 32. Ng2 Nhf6 33. Qb1 g4+ 0-1

[Event "Doroshkevich Memorial op"]
[Site "Maikop"]
[Date "2008.05.29"]
[Round "6"]
[White "Kadilin, Alexander"]
[Black "Elizarov, Dmitry"]
[Result "0-1"]
[WhiteElo "2134"]
[BlackElo "2298"]
[PlyCount "170"]
[EventDate "2008.05.24"]
[EventType "swiss"]
[EventRounds "9"]
[EventCountry "RUS"]
[SourceTitle "CBM 124 Extra"]
[Source "ChessBase"]
[SourceDate "2008.07.03"]
[SourceVersion "1"]
[SourceVersionDate "2008.07.03"]
[SourceQuality "1"]

1. c4 e6 2. d4 Nf6 3. Nc3 d5 4. Nf3 Nbd7 5. cxd5 exd5 6. Bf4 c6 7. e3 Be7 8. h3 0-0 9. Bd3 Re8 10. Qc2 Nf8 11. Ne5 Be6 12. 0-0 N6d7 13. Nxd7 Qxd7 14. a3 f6 15. Na4 b6 16. b4 g6 17. Rfc1 Qb7 18. Qe2 a6 19. e4 Bf7 20. Qc2 b5 21. Nc5 Bxc5 22. dxc5 Ne6 23. Bd6 dxe4 24. Bxe4 Nd4 25. Qd3 Nb3 26. Qc2 Nxa1 27. Rxa1 a5 28. Rb1 axb4 29. axb4 Ra2 30. Qd3 f5 31. Bf3 Re6 32. h4 h5 33. Qd4 Ra6 34. Rd1 Qd7 35. Qf4 Qe8 36. Kh2 Re1 37. Rd2 Kh7 38. Qg5 Ra2 39. Bf4 Rxd2 40. Bxd2 Qe5+ 41. Bf4 Qd4 42. Qh6+ Kg8 43. Kg3 Rf1 44. Be3 Qf6 45. Qf4 Rh1 46. Bd4 Qd8 47. Bxc6 Rd1 48. Be3 Be8 49. Bf3 Rd3 50. Qe5 Rd7 51. Bf4 Qe7 52. Qb8 Rd8 53. Qb6 Rd4 54. Qb8 Rd8 55. Qe5 Qxe5 56. Bxe5 Rd3 57. Kf4 Rb3 58. c6 Rxb4+ 59. Kg5 Kf7 60. c7 Bd7 61. Bb7 Rg4+ 62. Kh6 Ke6 63. f4 b4 64. Bf3 Rg3 65. Bb7 Rc3 66. Kxg6 Rc2 67. g4 hxg4 68. h5 g3 69. h6 g2 70. Bd4 Be8+ 71. Kg5 g1Q+ 72. Bxg1 Rxc7 73. Ba6 Kf7 74. Bd4 Kg8 75. Be5 Rc6 76. Bb7 Rg6+ 77. Kxf5 Rxh6 78. Ke4 Bc6+ 79. Bxc6 Rxc6 80. Kd3 Kf7 81. Bb2 Ke6 82. Bh8 Kf5 83. Be5 b3 84. Kd2 Ke4 85. Kd1 Rc2 0-1